| 000 | 00000nam##2200000za#4500 |
| 001 | 9.526836 |
| 003 | CaOODSP |
| 005 | 20200401020644 |
| 007 | ta |
| 008 | 150406|1996||||xxc||||| f|0| 0 eng|d |
| 020 | |a0-662-62188-3 |
| 040 | |aCaOODSP|beng |
| 041 | |aeng |
| 041 | |afre |
| 043 | |an-cn--- |
| 086 | 1 |aSC94-61/18-1996 |
| 110 | 1 |aCanada.|bCanadian Centre for Management Development. |
| 245 | 14|aThe policy capacity of government / |cby B. Guy Peters. |
| 260 | |aOttawa - Ontario : |bCanadian Centre for Management Development |c1996. |
| 300 | |aEnglish text, ii, 58p. : |btables ; |c23 cm. |
| 490 | 1 |aResearch paper|vNo. 18 |
| 500 | |aN.B.: This publication was previously listed for information only in Weekly Checklist 1998 No. 11, March 13, 1998. |
| 504 | |aBibliography. |
| 546 | |aBilingual |
| 563 | |aSoftcover |
| 590 | |a98-35|b1998-08-28 |
| 590 | |a98-11|b1998-03-13 |
| 690 | 07|aGovernment policy|2gcpds |
| 720 | 1 |aPeters, Guy B. |
| 776 | 0#|tLa capacité des pouvoirs publics d'élaborer des politiques |w(CaOODSP)9.603127 |
| 776 | 0#|tThe policy capacity of government |w(CaOODSP)9.572880 |
| 792 | |tLa capacité des pouvoirs publics d'élaborer des politiques / |efre|w(CaOODSP)9.526837 |
| 830 | #0|aResearch paper ;|vNo. 18|w(CaOODSP)9.509634 |